El drama de la inferioridad en el niño

محفوظ في:
التفاصيل البيبلوغرافية
المؤلف الرئيسي: Carnois, A (مؤلف)
التنسيق: كتاب
اللغة:الإسبانية
منشور في: Barcelona Luis Miracle 1958
سلاسل:Biblioteca de Antropología, 16
الموضوعات:
الوسوم: إضافة وسم
لا توجد وسوم, كن أول من يضع وسما على هذه التسجيلة!

MARC

LEADER 00000nam a2200000 a 4500
001 UCU0604
003 CL-VaPUC
008 960322e19580000SP |||||||||||||||||spa|d
082 0 4 |a 370.158  |b CAR  |2 21 
100 0 |a Carnois, A  |e author  |9 355930 
245 1 3 |a El drama de la inferioridad en el niño 
300 |a 380 p 
942 |c BK 
945 |d 19960322 00:00:00  |a paguirre 
260 |a Barcelona  |b Luis Miracle  |c 1958 
650 7 |a COMPLEJO DE INFERIORIDAD  |2 CL-VaPUC  |9 334752 
650 7 |a PSICOLOGIA AFECTIVA  |2 CL-VaPUC  |9 355931 
650 0 |a Psicología educacional   |9 307830 
650 0 |a Psicología del niño  |9 307305 
650 0 |a Desarrollo mental   |9 313003 
650 7 |a DISCIPLINA  |2 CL-VaPUC  |9 308401 
650 0 |a Virtud y vicio  |9 310637 
583 |a last modification  |c 19960322 00:00:00  |k Rodrigo Vera 
490 0 |a Biblioteca de Antropología, 16 
999 |c 245444  |d 245442 
952 |0 0  |1 0  |4 0  |6 370_158000000000000_CAR_1958  |7 0  |8 P  |9 259951  |a BIBEDU  |b BIBEDU  |c BIBEDU_PB  |d 2019-11-19  |i 1636324  |o 370.158 CAR 1958  |p 1636324  |r 2024-01-25  |w 2019-11-19  |y BK  |k EDU